000 00583nam a2200241Ia 4500
008 210210b1978 xxu||||| |||| 00| 0 eng d
020 _a33390 232 7
082 _a547 ROWF
100 _aROW (L R)
245 _aFundamentals of organic chemistry V1.
260 _aDelhi
_bThe Macmillan Co.
_c1978
300 _axiii,278
440 _a1
650 _aV1.
650 _aProblems Organic Chemistry
650 _aorganic
650 _aof
650 _aFundamentals
650 _achemistry
690 _aOrganic Chemistry
700 _aVENKATESWARLU (R).
906 _a034483
999 _c85090
_d85090